01453nam a2200337Ia 4500001001200000003000800012006001900020007001500039008004100054010001700095020001800112020002600130020002800156040002100184035002100205050002600226082001900252100002700271245010000298260008500398300004800483504006400531533015200595546008300747650004400830650004200874655002900916700002700945710001700972856012600989ebr10227172CaPaEBRm u cr cn|||||||||961105s1997 wauab sb 001 0 eng d z 96039595  z9780774805926 z9780774856379 (ebook) z0295976101 (alk. paper) aCaPaEBRcCaPaEBR a(OCoLC)61445753714aML1751.C4bS58 1997eb04a782.1/09512211 aSiu, Wang-Ngai,d1938-10aChinese operah[electronic resource] :bimages and stories /cSiu Wang-Ngai with Peter Lovrick. aSeattle :bUniversity of Washington Press ;aVancouver, BC :bUBC Press,cc1997. axiii, 239 p. :bcol. ill., maps (some col.) aIncludes bibliographical references (p. 229-230) and index. aElectronic reproduction.bPalo Alto, Calif. :cebrary,d2009.nAvailable via World Wide Web.nAccess may be limited to ebrary affiliated libraries. aReferences and index in both English and Chinese, translated where applicable. 0aOperas, ChinesexHistory and criticism. 0aChinese dramaxHistory and criticism. 7aElectronic books.2local1 aLovrick, Peter,d1953-2 aebrary, Inc.40uhttp://site.ebrary.com/lib/rucke/Doc?id=10227172zAn electronic book accessible through the World Wide Web; click to view